000 01287cam a2200253 4500
001 ABS63611
008 000000n2001 000 0 eng u
035 _a(Sirsi) u111243
100 _aOxley, R.
245 _aValuing historic buildings
260 _c2001
490 _aCSM (Chartered Surveyor Monthly)
_vFebruary 2001, 25(1)
520 _aLatest edition of the "European Valuation Standards 2000" (EVS) by TEGoVA includes specific guidance to the valuation of historic buildings. The new guidance supports concerns set out in the Red Book on the potential for damage to be caused by the valuation process to historic buildings. New guidance advises valuers to be confident that recommendations for repair work included within a valuation are not harmful to the integral structure of the building. Available from RICS Books, ref: 5904, £75 plus p&p.
590 _aABS
650 _aHISTORIC BUILDINGS
650 _aVALUATION PROCESS
650 _aGUIDANCE
650 _aABOUT RICS-RELATED ORGANISATIONS-EUROPEAN GROUP OF VALUERS' ASSOCIATIONS
650 _aEUROPEAN VALUATION STANDARDS
650 _aPLANNING (LISTED BUILDINGS AND CONSERVATION AREAS) ACT 1990
650 _aBUILDING CONSERVATION
690 _aPROPERTY-PROPERTY APPRAISAL AND VALUATION
942 _n0
999 _c66281
_d66281